MARC details
| 000 -CABECERA |
| campo de control de longitud fija |
01457nam a2200361 a 4500 |
| 001 - NÚMERO DE CONTROL |
| campo de control |
|
| 003 - IDENTIFICADOR DEL NÚMERO DE CONTROL |
| campo de control |
DO-SdBNP |
| 005 - FECHA Y HORA DE LA ÚLTIMA TRANSACCIÓN |
| campo de control |
20230223143250.0 |
| 007 - CAMPO FIJO DE DESCRIPCIÓN FÍSICA--INFORMACIÓN GENERAL |
| campo de control de longitud fija |
ta |
| 008 - DATOS DE LONGITUD FIJA--INFORMACIÓN GENERAL |
| campo de control de longitud fija |
090720s20uu ddr bc 000 0 sspadd |
| 020 ## - NÚMERO INTERNACIONAL ESTÁNDAR DEL LIBRO |
| Número Internacional Estándar del Libro |
9789945860405 |
| 040 ## - FUENTE DE LA CATALOGACIÓN |
| Centro catalogador/agencia de origen |
DO-SdBNP |
| Lengua de catalogación |
spa |
| Centro/agencia transcriptor |
DO-SdBNP |
| 082 #4 - NÚMERO DE LA CLASIFICACIÓN DECIMAL DEWEY |
| Número de documento/Ítem |
C581f |
| Número de edición |
22 |
| 245 00 - MENCIÓN DE TÍTULO |
| Título |
Frontera en transición : |
| Resto del título |
diagnostico multidisciplinario de la frontera doinico/haitiana / |
| Mención de responsabilidad, etc. |
Haroldo Dilla Alfonso...[et al]. |
| 246 00 - FORMA VARIANTE DE TÍTULO |
| Título propio/Titulo breve |
Ciudades y fronteras : |
| Resto del título |
frontera en transición |
| 260 ## - PUBLICACIÓN, DISTRIBUCIÓN, ETC. |
| Lugar de publicación, distribución, etc. |
Santo Domingo : |
| Nombre del editor, distribuidor, etc. |
UNIBE, |
| Fecha de publicación, distribución, etc. |
2007. |
| 300 ## - DESCRIPCIÓN FÍSICA |
| Extensión |
363 p. : |
| Otras características físicas |
retratos y mapas ; |
| Dimensiones |
24 cm. |
| 500 ## - NOTA GENERAL |
| Nota general |
|
| 500 ## - NOTA GENERAL |
| Nota general |
|
| 504 ## - NOTA DE BIBLIOGRAFÍA, ETC. |
| Nota de bibliografía, etc. |
Bibliografía : p. 305-336 |
| 505 2# - NOTA DE CONTENIDO CON FORMATO |
| Nota de contenido con formato |
Presentación -- Introducción : desaparecen las fronteras? / Horaldo Dilla Alfonso -- La construcción sociohistórica de la frontera dominico - haitiana -- Contrapunteo medioambiental en la frontera dominico-haitiana / César Cuello Nieto -- La economía fronteriza : las nuevas oportunidades del comercio / Horaldo Dilla Alfonso -- Pobreza, demografía y urbanización de la frontera |
| 590 ## - NOTA LOCAL (RLIN) |
| Nota local |
|
| 590 ## - NOTA LOCAL (RLIN) |
| Nota local |
Inventariado, 2020/VM |
| 650 ## - PUNTO DE ACCESO ADICIONAL DE MATERIA--TÉRMINO DE MATERIA |
| Término de materia o nombre geográfico como elemento de entrada |
|
| Subdivisión geográfica |
|
| 9 (RLIN) |
12413 |
| 650 ## - PUNTO DE ACCESO ADICIONAL DE MATERIA--TÉRMINO DE MATERIA |
| Término de materia o nombre geográfico como elemento de entrada |
|
| Subdivisión geográfica |
|
| 9 (RLIN) |
12414 |
| 700 1# - PUNTO DE ACCESO ADICIONAL--NOMBRE DE PERSONA |
| Nombre de persona |
Dilla Alfonso, Haroldo |
| 9 (RLIN) |
5199 |
| 700 1# - PUNTO DE ACCESO ADICIONAL--NOMBRE DE PERSONA |
| Nombre de persona |
Jesús Cedano, Sobeida de |
| 9 (RLIN) |
12415 |
| 700 1# - PUNTO DE ACCESO ADICIONAL--NOMBRE DE PERSONA |
| Nombre de persona |
Cuello Nieto, César |
| 9 (RLIN) |
37060 |
| 700 1# - PUNTO DE ACCESO ADICIONAL--NOMBRE DE PERSONA |
| Nombre de persona |
Noble Espejo, José Eliseo |
| 9 (RLIN) |
83148 |
| 910 ## - DATOS DE OPCIÓN DEL USUARIO (OCLC) |
| Datos de opción del usuario |
Btavarez |
| 942 ## - ELEMENTOS DE PUNTO DE ACCESO ADICIONAL (KOHA) |
| Fuente del sistema de clasificación o colocación |
Dewey Decimal Classification |
| Tipo de ítem Koha |
Libro |
| 956 ## - LOCALIZACIÓN Y ACCESO ELECTRÓNICOS LOCAL (OCLC) |
| Nombre del host |
VMateo |